Die Schwangerschaftsdiagnose beim Rind.

Guardat en:
Dades bibliogràfiques
Autor principal: Tillmann, Harry
Format: Llibre
Idioma:English
Publicat: Berlin : Parey, 1956.
Edició:Vollstandig neubearb. und erweiterte Aufl.
Matèries:
LEADER 00892nam a2200253 a 4500
001 c000171989
003 CARM
005 19960708000000.0
008 840629s1956 gw a 000 0 eng d
019 1 |a 12405564  |5 LACONCORD2021 
035 |a (OCoLC)23439646  |5 LACONCORD2021 
040 |a QMS  |b eng  |c QMS  |d QMS 
050 0 0 |a SF887  |b .T54 
100 1 |a Tillmann, Harry. 
245 1 4 |a Die Schwangerschaftsdiagnose beim Rind. 
250 |a Vollstandig neubearb. und erweiterte Aufl. 
260 |a Berlin :  |b Parey,  |c 1956. 
300 |a 107p :  |b ill ;  |c 22cm. 
504 |a Includes bibliography. 
650 0 |a Veterinary obstetrics. 
650 0 |a Cattle  |x Breeding. 
852 8 |b CARM  |h A2:AJ02B0  |i B05260  |p 0235186  |f BK 
999 f f |i 9ce648bd-8f61-5721-a680-499727775992  |s 923de1c8-a32e-54d1-9cc3-cb7370664d5f 
952 f f |p Can circulate  |a CAVAL  |b CAVAL  |c CAVAL  |d CARM 1 Store  |e B05260  |f A2:AJ02B0  |h Other scheme  |i book  |m 0235186